000 00405nam a2200169Ia 4500
008 230524s9999 xx 000 0 und d
020 _a8121908566
082 _a515
_bNAR
100 _aShanti Narayan
245 2 _aA Text Book of Calculus (Part- III)
250 _a3RD
260 _aNEW DELHI
_bS.Chand
_c2002
300 _aV;127
500 _aQuantity Number: 5
650 _aMathematics
942 _cBK
999 _c772
_d772